The Primordial universe (Record no. 14158)
[ view plain ]
| 000 -LEADER | |
|---|---|
| fixed length control field | 00903nam a2200265Ia 4500 |
| 003 - CONTROL NUMBER IDENTIFIER | |
| control field | IN-BaIIA |
| 008 - FIXED-LENGTH DATA ELEMENTS--GENERAL INFORMATION | |
| fixed length control field | 211028s9999 xx 000 0 eng d |
| 020 ## - INTERNATIONAL STANDARD BOOK NUMBER | |
| International Standard Book Number | 3-540-41046-5 |
| 040 ## - CATALOGING SOURCE | |
| Transcribing agency | IIA Library |
| 080 ## - UNIVERSAL DECIMAL CLASSIFICATION NUMBER | |
| Universal Decimal Classification number | 524.8 |
| Item number | THE |
| 111 ## - MAIN ENTRY--MEETING NAME | |
| Meeting name or jurisdiction name as entry element | Summer School on Physics |
| Number of part/section/meeting | 71st |
| Location of meeting | Les Houches, France |
| Date of meeting or treaty signing | 1999 |
| 9 (RLIN) | 24928 |
| 245 #4 - TITLE STATEMENT | |
| Title | The Primordial universe |
| Remainder of title | proceedings 71st session of the summer school on physics held in Les Houches, France. 28 June - 23 July, 1999 |
| Statement of responsibility, etc. | edited by P. Binertuy…[et al.] |
| 260 ## - PUBLICATION, DISTRIBUTION, ETC. | |
| Place of publication, distribution, etc. | Berlin |
| Name of publisher, distributor, etc. | Springer-Verlag |
| Date of publication, distribution, etc. | 2000 |
| 300 ## - PHYSICAL DESCRIPTION | |
| Extent | xxxvi, 628p. |
| 650 ## - SUBJECT ADDED ENTRY--TOPICAL TERM | |
| Topical term or geographic name entry element | Big bang nucleosynthesis |
| 9 (RLIN) | 24710 |
| 650 ## - SUBJECT ADDED ENTRY--TOPICAL TERM | |
| Topical term or geographic name entry element | Cosmology |
| 650 ## - SUBJECT ADDED ENTRY--TOPICAL TERM | |
| Topical term or geographic name entry element | Dark matter |
| 9 (RLIN) | 14945 |
| 650 ## - SUBJECT ADDED ENTRY--TOPICAL TERM | |
| Topical term or geographic name entry element | Galaxies |
| 9 (RLIN) | 1286 |
| 650 ## - SUBJECT ADDED ENTRY--TOPICAL TERM | |
| Topical term or geographic name entry element | Universe |
| 9 (RLIN) | 1987 |
| 700 ## - ADDED ENTRY--PERSONAL NAME | |
| Personal name | Binertuy, P., ed. |
| 9 (RLIN) | 24929 |
| 700 ## - ADDED ENTRY--PERSONAL NAME | |
| Personal name | Daivd, F., ed. |
| 9 (RLIN) | 24930 |
| 700 ## - ADDED ENTRY--PERSONAL NAME | |
| Personal name | Schaeffer, R., ed. |
| 9 (RLIN) | 21103 |
| 700 ## - ADDED ENTRY--PERSONAL NAME | |
| Personal name | Silk, J., ed. |
| 9 (RLIN) | 21104 |
| 942 ## - ADDED ENTRY ELEMENTS (KOHA) | |
| Koha item type | Books |
| Withdrawn status | Lost status | Damaged status | Not for loan | Home library | Current library | Shelving location | Date acquired | Source of acquisition | Cost, normal purchase price | Total Checkouts | Full call number | Barcode | Date last seen | Cost, replacement price | Price effective from | Koha item type | Purchase Price |
|---|---|---|---|---|---|---|---|---|---|---|---|---|---|---|---|---|---|
| IIA Library-Bangalore | IIA Library-Bangalore | General Stacks | 09/07/2001 | ANJ | 4296.60 | 524.8/ THE | 15078 | 05/11/2021 | 4296.60 | 09/07/2001 | Books | Rs. 4296.60 |